Words Starting With O - Statistics

General Stats
  • This quiz has been taken 24 times
  • The average score is 40 of 62
Answer Stats
Hint Answer % Correct
a orange fruit Orange
100%
Pacific, Southern, Indian, Atlantic, and Arctic Ocean
95%
8 sided shape Octagon
95%
opposite of new Old
95%
opposite of close Open
95%
a great ape Orangutan
95%
opposite of in Out
95%
where you bake things Oven
95%
body of water in desert Oasis
90%
see; watch; percieve; notice Observe
90%
black liquid worth a lot of money Oil
90%
paper art Origami
90%
a circular shape Oval
90%
person who owns Owner
90%
O2 Oxygen
90%
a layer in the atmosphere Ozone
90%
strange Odd
86%
where you work Office
86%
circle the Earth Orbit
86%
a flightless bird Ostrich
86%
a type of tree Oak
81%
a breakfast food made with oats Oatmeal
81%
lights light up when turned On
81%
a choice Option
81%
heart; lungs; liver Organ
81%
a nocturnal bird of prey Owl
81%
lights become black when turned Off
76%
relating to eye or vision Optic
76%
people who play music at concerts Orchestra
76%
an 8 legged invertebrate Octopus
71%
when you read a menu you _____ it Order
71%
a spice Oregano
71%
an instrument Oboe
67%
where you look at stars Observatory
67%
a wild cat Ocelot
62%
a green vegetable Okra
62%
a vegetable that smells bad Onion
62%
a performance where fat people yell Opera
62%
how something was created Origin
57%
put on a Christmas tree Ornament
57%
marine mammal Otter
57%
a large herbivorous cow Ox
57%
police chief Officer
52%
where you poop outside Outhouse
52%
a mollusk Oyster
52%
the main goal Objective
48%
a breakfast food Omelet
43%
arrange into a structured whole Organize
43%
something Object
33%
a small green vegetable Olive
33%
an alive creature Organism
33%
clothes Outfit
33%
a small group of stores Outlet
33%
different Opposite
24%
listen Obey
19%
helps makes you better Ointment
19%
where you get glass Optometrist
19%
belonging or relating to the whole view Overall
19%
mission Operation
14%
a kind of tree Orchid
10%
healthy Organic
10%
a small marsupian Opossom
5%
No matching quizzes found
Score Distribution
Percent of People with Each Score
Percentile by Number Answered
Your Score History
You have not taken this quiz